Insulating concrete forms construction : (Record no. 1816)
[ view plain ]
| 000 -LEADER | |
|---|---|
| fixed length control field | 00474 a2200121 4500 |
| 020 ## - INTERNATIONAL STANDARD BOOK NUMBER | |
| International Standard Book Number | 0071430571 (acid-free paper) |
| 082 ## - DEWEY DECIMAL CLASSIFICATION NUMBER | |
| Classification number | 693.522 PAN |
| 100 ## - MAIN ENTRY--PERSONAL NAME | |
| Personal name | Panushev, Ivan S. |
| 245 ## - TITLE STATEMENT | |
| Title | Insulating concrete forms construction : |
| Remainder of title | demand, evaluation, and technical practice / |
| Statement of responsibility, etc. | Ivan S. Panushev, Pieter A. VanderWerf. |
| 260 ## - PUBLICATION, DISTRIBUTION, ETC. | |
| Place of publication, distribution, etc. | New York : |
| Name of publisher, distributor, etc. | McGraw-Hill, |
| Date of publication, distribution, etc. | 2004. |
| 300 ## - PHYSICAL DESCRIPTION | |
| Extent | xviii, 206 p. : |
| Other physical details | ill. ; |
| Dimensions | 25 cm. |
| 650 ## - SUBJECT ADDED ENTRY--TOPICAL TERM | |
| Topical term or geographic name entry element | Concrete houses |
| General subdivision | Design and construction. |
| 650 ## - SUBJECT ADDED ENTRY--TOPICAL TERM | |
| Topical term or geographic name entry element | Insulating concrete forms. |
| Withdrawn status | Lost status | Damaged status | Not for loan | Permanent Location | Current Location | Shelving location | Date acquired | Total Checkouts | Full call number | Barcode | Date last seen | Price effective from | Koha item type |
|---|---|---|---|---|---|---|---|---|---|---|---|---|---|
| School of Civil and Environmental Engineering (SCEE) | School of Civil and Environmental Engineering (SCEE) | 693.522 PAN | NIT-655 | 01/05/2017 | 01/05/2017 | Book | |||||||
| School of Civil and Environmental Engineering (SCEE) | School of Civil and Environmental Engineering (SCEE) | NIT-483 | 01/05/2017 | 01/05/2017 | Book |
